[Event "Return"]
[Site "SchemingMind.com"]
[Date "2014.04.20"]
[Round "-"]
[White "Istomix"]
[Black "fanfan_la_Tulipe"]
[Result "0-1"]
[WhiteCountry "RUS"]
[BlackCountry "AUT"]
[WhiteElo "1565"]
[WhiteRD "101"]
[BlackElo "1962"]
[BlackRD "74"]
[GameID "357127"]

1. d4 Nf6 2. Bf4 g6 3. e3 Bg7 4. Nf3 O-O 5. Be2 d6 6. O-O Nfd7 7. c4 e5 8. Bg3 Nc6 9. Nc3 exd4 10. exd4 Nf6
11. d5 Ne7 12. h3 Nf5 13. Bf4 Re8 14. g4 Ne7
0-1

[Event "Return"]
[Site "SchemingMind.com"]
[Date "2014.04.20"]
[Round "-"]
[White "simpet"]
[Black "Istomix"]
[Result "1-0"]
[WhiteCountry "ENG"]
[BlackCountry "RUS"]
[WhiteElo "1653"]
[WhiteRD "56"]
[BlackElo "1565"]
[BlackRD "101"]
[GameID "357128"]

1. e4 d6 2. d4 Nf6 3. Nc3 g6 4. Bc4 Bg7 5. Nf3 O-O 6. O-O Nxe4 7. Nxe4 d5 8. Qd3 Nc6 9. c3 Bf5 10. Bxd5 Qxd5
11. Re1 e5 12. Nh4 Bxe4 13. Rxe4 exd4 14. h3 f5 15. Re2 Rae8 16. Bd2 Ne5 17. Qg3 Nf3+ 18. Qxf3 Qxf3 19. Nxf3 Rxe2 20. Kf1 d3
21. Re1 Rxe1+ 22. Nxe1
1-0

[Event "Return"]
[Site "SchemingMind.com"]
[Date "2014.04.20"]
[Round "-"]
[White "Istomix"]
[Black "simpet"]
[Result "0-1"]
[WhiteCountry "RUS"]
[BlackCountry "ENG"]
[WhiteElo "1565"]
[WhiteRD "101"]
[BlackElo "1653"]
[BlackRD "56"]
[GameID "357129"]

1. d4 e6 2. Bf4 Nf6 3. e3 b6 4. Nf3 Bb7 5. Bd3 Nh5 6. Bg5 Be7 7. Bxe7 Qxe7 8. c4 f5 9. Nc3 d6 10. d5 O-O
11. Nd4 Nf6 12. Nxe6 Re8 13. h4 c6 14. Bxf5 cxd5 15. Nxd5 Nxd5 16. cxd5 Nd7 17. Nc7 Rf8 18. Bxd7 Qxd7 19. Nxa8 Bxa8 20. e4 Qf7
21. f3 Qf6 22. Qc1 Bb7
0-1

[Event "Return"]
[Site "SchemingMind.com"]
[Date "2014.04.20"]
[Round "-"]
[White "bobbassbone"]
[Black "Istomix"]
[Result "0-1"]
[WhiteCountry "ENG"]
[BlackCountry "RUS"]
[WhiteElo "1606"]
[WhiteRD "61"]
[BlackElo "1887"]
[BlackRD "187"]
[GameID "357132"]

1. d4 Nf6 2. Bf4 g6 3. e3 Bg7 4. c3 O-O 5. Nd2 d6 6. Bd3 e5 7. dxe5 dxe5 8. Bxe5 Qxd3 9. Bxc7 Qb5 10. Qc2 Qc6
0-1

[Event "Return"]
[Site "SchemingMind.com"]
[Date "2014.04.20"]
[Round "-"]
[White "Istomix"]
[Black "bobbassbone"]
[Result "1-0"]
[WhiteCountry "RUS"]
[BlackCountry "ENG"]
[WhiteElo "1887"]
[WhiteRD "187"]
[BlackElo "1606"]
[BlackRD "61"]
[GameID "357133"]

1. d4 c6 2. Bf4 d5 3. Nf3 Nf6 4. e3 Bg4 5. c4 e6 6. Qb3 Qc8 7. Ne5 Bf5 8. f3 Nh5 9. g4 Bxb1 10. gxh5 Bf5
11. cxd5 h6 12. e4 Bh7 13. Bh3 Be7 14. Nxf7 Kxf7 15. Bxe6+
1-0

[Event "Return"]
[Site "SchemingMind.com"]
[Date "2014.04.20"]
[Round "-"]
[White "Istomix"]
[Black "jerryface"]
[Result "0-1"]
[WhiteCountry "RUS"]
[BlackCountry "USA"]
[WhiteElo "1565"]
[WhiteRD "101"]
[BlackElo "1947"]
[BlackRD "126"]
[GameID "357134"]

1. d4 d5 2. Bf4 Bf5 3. c4 e6 4. Nc3 Bb4 5. e3 c5 6. cxd5 Qxd5 7. Ne2 cxd4 8. Qxd4 Qxd4 9. Nxd4 Nd7 10. Nxf5 exf5
11. Rc1 Rc8 12. Bd3 Bxc3+ 13. Rxc3 Rxc3
0-1

[Event "Return"]
[Site "SchemingMind.com"]
[Date "2014.04.21"]
[Round "-"]
[White "jerryface"]
[Black "Istomix"]
[Result "1-0"]
[WhiteCountry "USA"]
[BlackCountry "RUS"]
[WhiteElo "1947"]
[WhiteRD "126"]
[BlackElo "1565"]
[BlackRD "101"]
[GameID "357135"]

1. e4 d6 2. d4 Nf6 3. Nc3 g6 4. Be2 Bg7 5. e5 dxe5 6. dxe5 Nfd7 7. f4 Nc6 8. Nf3 O-O 9. O-O Nb6 10. Be3 Bf5
11. Nh4 Be6 12. Bxb6 axb6 13. Bg4
1-0

[Event "Return"]
[Site "SchemingMind.com"]
[Date "2014.04.23"]
[Round "-"]
[White "fouche"]
[Black "Lambik"]
[Result "0-1"]
[WhiteCountry "COL"]
[BlackCountry "BEL"]
[WhiteElo "1609"]
[WhiteRD "64"]
[BlackElo "2022"]
[BlackRD "113"]
[GameID "357203"]

1. d4 Nf6 2. Nf3 g6 3. e3 Bg7 4. Bd3 d5 5. O-O c5 6. c3 Nc6 7. Re1 O-O 8. h3 Ne4 9. Nbd2 f5 10. Nf1 e5
11. N3d2 exd4 12. exd4 cxd4 13. Bxe4 fxe4 14. cxd4 Bxd4 15. Nb3 Bxf2+ 16. Kh1 Bxe1 17. Qxe1 d4 18. Qxe4 Rxf1+ 19. Kh2 Qd6+ 20. g3 Rf2+
21. Kh1 Qxg3
0-1

[Event "Return"]
[Site "SchemingMind.com"]
[Date "2014.04.23"]
[Round "-"]
[White "Transcendent"]
[Black "Lambik"]
[Result "0-1"]
[WhiteCountry "ENG"]
[BlackCountry "BEL"]
[WhiteElo "1781"]
[WhiteRD "68"]
[BlackElo "2161"]
[BlackRD "94"]
[GameID "357205"]

1. d4 Nf6 2. c4 e6 3. g3 Bb4+ 4. Bd2 Qe7 5. Bg2 d5 6. Nf3 Nc6 7. O-O O-O 8. Nc3 dxc4 9. e4 Bxc3 10. bxc3 Nxe4
11. Qc2 Nd6 12. Ng5 g6 13. Bxc6 bxc6 14. Rab1 f6 15. Ne4 e5 16. dxe5 Qxe5 17. Rfe1 Nxe4 18. Qxe4 Qxe4 19. Rxe4 Bf5 20. Rbe1 Bxe4
21. Rxe4 Rfe8 22. Rxc4 Re2 23. Be3 Rxa2 24. Rxc6 a5 25. Rxc7 a4 26. Bd4 Ra6 27. Kg2 Rd2 28. Bc5 a3 29. Rc8+ Kf7 30. Rc7+ Ke6
0-1

[Event "Return"]
[Site "SchemingMind.com"]
[Date "2014.04.22"]
[Round "-"]
[White "Lambik"]
[Black "Transcendent"]
[Result "1-0"]
[WhiteCountry "BEL"]
[BlackCountry "ENG"]
[WhiteElo "2134"]
[WhiteRD "94"]
[BlackElo "1790"]
[BlackRD "68"]
[GameID "357206"]

1. e4 e6 2. d4 d5 3. Nc3 Bb4 4. e5 c5 5. a3 Bxc3+ 6. bxc3 Qa5 7. Bd2 Qa4 8. Qg4 g6 9. Bd3 Nc6 10. Nf3 Bd7
11. O-O Nge7 12. Rfb1 Nf5 13. Rxb7 c4 14. Bxf5 exf5 15. Qh4 Qxc2 16. Qf6 Rf8 17. Rxd7 Kxd7 18. Qd6+
1-0

[Event "Return"]
[Site "SchemingMind.com"]
[Date "2014.04.23"]
[Round "-"]
[White "kenneth m day"]
[Black "Lambik"]
[Result "0-1"]
[WhiteCountry "USA"]
[BlackCountry "BEL"]
[WhiteElo "1753"]
[WhiteRD "49"]
[BlackElo "2134"]
[BlackRD "94"]
[GameID "357207"]

1. e4 c5 2. f4 e5 3. Nf3 exf4 4. Bc4 Nc6 5. O-O g5 6. d3 d6 7. Nc3 Be6 8. Nd5 Bg7 9. c3 h6 10. Bd2 Nge7
11. d4 cxd4 12. Nxd4 Nxd4 13. cxd4 Bxd4+ 14. Kh1 Nc6 15. Qc2 O-O 16. Bc3 Bxc3 17. Qxc3 Ne5 18. Bb3 Rc8 19. Qd4 Bxd5 20. Qxd5 Qe7
21. Rad1 Rfd8 22. Rd4 Rc5
0-1

[Event "Return"]
[Site "SchemingMind.com"]
[Date "2014.04.23"]
[Round "-"]
[White "Lambik"]
[Black "kenneth m day"]
[Result "1-0"]
[WhiteCountry "BEL"]
[BlackCountry "USA"]
[WhiteElo "2134"]
[WhiteRD "94"]
[BlackElo "1753"]
[BlackRD "49"]
[GameID "357208"]

1. e4 e5 2. Nf3 Nc6 3. Bb5 f5 4. Nc3 fxe4 5. Nxe4 Nf6 6. Qe2 Be7 7. Nxf6+ Bxf6 8. d4 O-O 9. Bxc6 dxc6 10. dxe5 Re8
11. O-O Bg4 12. Qc4+ Be6 13. Qb4 Be7 14. Qxb7 Bd5 15. Rd1 Bc5 16. c4 Rb8 17. Qa6 Qe7 18. cxd5 cxd5 19. Rxd5 h6 20. Qc4
1-0

[Event "Return"]
[Site "SchemingMind.com"]
[Date "2014.04.22"]
[Round "-"]
[White "fanfan_la_Tulipe"]
[Black "Lambik"]
[Result "0-1"]
[WhiteCountry "AUT"]
[BlackCountry "BEL"]
[WhiteElo "1962"]
[WhiteRD "74"]
[BlackElo "2134"]
[BlackRD "94"]
[GameID "357209"]

1. d4 Nf6 2. c4 e6 3. Nc3 Bb4 4. e3 O-O 5. Ne2 d5 6. a3 Bd6 7. Ng3 c5 8. dxc5 Bxc5 9. cxd5 exd5 10. Bd3 Nc6
11. O-O Bb6 12. Nf5 Re8 13. Qc2 g6 14. Ng3 d4 15. exd4 Nxd4 16. Qd1 Bg4 17. Qa4 Re5 18. Be3 Ra5 19. Qb4 Bc5 20. Qxb7 Rb8
21. Qxb8 Qxb8 22. b4 Nb3 23. bxa5 Qe5
0-1

[Event "Return"]
[Site "SchemingMind.com"]
[Date "2014.04.22"]
[Round "-"]
[White "Lambik"]
[Black "fanfan_la_Tulipe"]
[Result "1-0"]
[WhiteCountry "BEL"]
[BlackCountry "AUT"]
[WhiteElo "2161"]
[WhiteRD "94"]
[BlackElo "1992"]
[BlackRD "72"]
[GameID "357210"]

1. e4 c5 2. Nf3 e6 3. d4 cxd4 4. Nxd4 a6 5. Bd3 Bc5 6. Nb3 Ba7 7. O-O Ne7 8. Nc3 Nbc6 9. Qe2 O-O 10. Be3 d6
11. f4 b5 12. Bxa7 Rxa7 13. Qf2 f5 14. Rad1 b4 15. Na4 fxe4 16. Bxe4 Qc7 17. Qd2 d5 18. Bd3 a5 19. Rde1 Nf5 20. Qf2 Ra8
21. Nbc5 Qd6 22. Nb6 Rb8 23. Nxc8 Rbxc8 24. Nxe6 Rf7 25. Ng5 Rf6 26. g4
1-0

[Event "Return"]
[Site "SchemingMind.com"]
[Date "2014.04.22"]
[Round "-"]
[White "simpet"]
[Black "Lambik"]
[Result "0-1"]
[WhiteCountry "ENG"]
[BlackCountry "BEL"]
[WhiteElo "1610"]
[WhiteRD "55"]
[BlackElo "2022"]
[BlackRD "113"]
[GameID "357211"]

1. e4 e5 2. Nf3 Nc6 3. Bc4 Nf6 4. d3 h6 5. Nc3 Bc5 6. Na4 Bb6 7. Nxb6 axb6 8. O-O O-O 9. Bd2 d5 10. exd5 Nxd5
11. h3 Qd6 12. Re1 Re8 13. d4 e4 14. c3 Nf6 15. Ne5 Nxe5 16. dxe5 Qxe5 17. Qb3 Be6 18. Bxe6 Qxe6 19. Qxe6 Rxe6 20. Bf4 Nd5
21. Bg3 b5 22. Red1 c6
0-1

[Event "Return"]
[Site "SchemingMind.com"]
[Date "2014.04.27"]
[Round "-"]
[White "SAMAEL"]
[Black "Lambik"]
[Result "0-1"]
[WhiteCountry "CAN"]
[BlackCountry "BEL"]
[WhiteElo "1772"]
[WhiteRD "56"]
[BlackElo "2161"]
[BlackRD "94"]
[GameID "357213"]

1. d4 Nf6 2. Nf3 g6 3. e3 Bg7 4. Be2 d5 5. O-O O-O 6. h3 c5 7. dxc5 Ne4 8. c3 Nxc5 9. Nbd2 Nba6 10. Nb3 b6
11. Nfd4 Bb7 12. Nxc5 Nxc5 13. Nb3 Ne4 14. Nd2 Nd6 15. Nf3 Qc7 16. Bd2 Ne4 17. Rc1 e5 18. Be1 Rac8 19. Nd2 Nd6 20. f3 Nf5
21. Bf2 Bh6 22. Re1 Nxe3 23. Bxe3 Bxe3+ 24. Kh1 Rfd8 25. Bf1 Bf2 26. Re2 Bg3 27. Nb3 Bf4 28. Rcc2 a5 29. Nc1 e4 30. Qe1 exf3
31. Re7 Qb8 32. gxf3 d4 33. Be2 Bxc1 34. Rxc1 d3
0-1

[Event "Return"]
[Site "SchemingMind.com"]
[Date "2014.04.27"]
[Round "-"]
[White "Lambik"]
[Black "SAMAEL"]
[Result "1-0"]
[WhiteCountry "BEL"]
[BlackCountry "CAN"]
[WhiteElo "2161"]
[WhiteRD "94"]
[BlackElo "1772"]
[BlackRD "56"]
[GameID "357214"]

1. e4 e5 2. Nf3 d6 3. d4 exd4 4. Nxd4 Nf6 5. Nc3 Bd7 6. Be2 Be7 7. O-O O-O 8. Be3 a6 9. Bf3 Nc6 10. Nxc6 Bxc6
11. Re1 Nd7 12. Nd5 Nf6 13. c4 Nxd5 14. cxd5 Bd7 15. Rc1 Rc8 16. Qb3 b6 17. Be2 a5 18. Bd4 f6 19. f4 Kh8 20. Ba6 Rb8
21. Qc4 Bc8 22. Bb5 Rb7 23. Qc6 Rf7 24. Ba6 Ra7 25. Bxc8 Qxc8 26. Bxb6
1-0

[Event "Return"]
[Site "SchemingMind.com"]
[Date "2014.04.22"]
[Round "-"]
[White "bobbassbone"]
[Black "Lambik"]
[Result "0-1"]
[WhiteCountry "ENG"]
[BlackCountry "BEL"]
[WhiteElo "1601"]
[WhiteRD "63"]
[BlackElo "2022"]
[BlackRD "113"]
[GameID "357215"]

1. d4 Nf6 2. Bf4 e6 3. e3 c5 4. c3 b6 5. Nf3 Nc6 6. Bd3 Be7 7. Nbd2 Nh5 8. Bg3 Bb7 9. Qc2 g6 10. Ne5 cxd4
11. exd4 Nxe5 12. Bxe5 f6 13. Bg3 Bxg2 14. Rg1 Nxg3 15. Rxg2 Nh5 16. Bxg6+ hxg6 17. Qxg6+ Kf8 18. Qg4 f5 19. Qg6 Qe8 20. Qxe8+ Kxe8
21. O-O-O Nf4 22. Rg7 Bf6
0-1

[Event "Return"]
[Site "SchemingMind.com"]
[Date "2014.04.22"]
[Round "-"]
[White "Lambik"]
[Black "bobbassbone"]
[Result "1-0"]
[WhiteCountry "BEL"]
[BlackCountry "ENG"]
[WhiteElo "1993"]
[WhiteRD "117"]
[BlackElo "1606"]
[BlackRD "61"]
[GameID "357216"]

1. e4 c6 2. d4 d5 3. Nc3 dxe4 4. Nxe4 Bf5 5. Ng3 Bg6 6. h4 h6 7. Nf3 e6 8. Ne5 Bh7 9. Bd3 Bxd3 10. Qxd3 Bd6
11. Ne4 Bxe5 12. dxe5 Qxd3 13. cxd3 Kd7 14. Nd6 f6 15. Nxb7 Ne7 16. Nc5+ Ke8 17. Nxe6 Nd7 18. Nc7+
1-0

[Event "Return"]
[Site "SchemingMind.com"]
[Date "2014.04.22"]
[Round "-"]
[White "Lambik"]
[Black "Istomix"]
[Result "1-0"]
[WhiteCountry "BEL"]
[BlackCountry "RUS"]
[WhiteElo "2134"]
[WhiteRD "94"]
[BlackElo "1565"]
[BlackRD "101"]
[GameID "357217"]

1. e4 d6 2. d4 Nf6 3. Nc3 g6 4. f4 Bg7 5. Bd3 O-O 6. Nf3 Nc6 7. e5 dxe5 8. fxe5 Nh5 9. Be3 Bg4 10. Be2 f6
11. exf6 exf6 12. O-O Re8 13. Qd2 Ne7 14. Bc4+ Kh8 15. h3 Nf5 16. hxg4 Nxe3 17. gxh5 Nxc4 18. Qd3 Nxb2 19. Qb5 g5 20. Qxb2 g4
21. Rad1
1-0

[Event "Return"]
[Site "SchemingMind.com"]
[Date "2014.04.22"]
[Round "-"]
[White "Istomix"]
[Black "Lambik"]
[Result "0-1"]
[WhiteCountry "RUS"]
[BlackCountry "BEL"]
[WhiteElo "1565"]
[WhiteRD "101"]
[BlackElo "2134"]
[BlackRD "94"]
[GameID "357218"]

1. d4 Nf6 2. Bf4 d5 3. e3 Bf5 4. c4 e6 5. Nc3 Bb4 6. Nf3 O-O 7. Qb3 Nc6 8. Bg5 a5 9. Qa4 h6 10. Bxf6 Qxf6
11. a3 Bxc3+ 12. bxc3 Be4 13. Nd2 Qg6 14. Nxe4 Qxe4 15. cxd5 exd5 16. Qd1 a4 17. Qb1 Qe6 18. Bd3 Na5 19. O-O Nb3 20. Ra2 c5
21. dxc5 Qe5
0-1

[Event "Return"]
[Site "SchemingMind.com"]
[Date "2014.04.23"]
[Round "-"]
[White "Lambik"]
[Black "jerryface"]
[Result "1-0"]
[WhiteCountry "BEL"]
[BlackCountry "USA"]
[WhiteElo "2134"]
[WhiteRD "94"]
[BlackElo "1947"]
[BlackRD "126"]
[GameID "357219"]

1. e4 e5 2. Nf3 Nc6 3. Bb5 f5 4. Nc3 fxe4 5. Nxe4 Nf6 6. Qe2 Qe7 7. O-O Nxe4 8. Qxe4 Qc5 9. Ba4 Bd6 10. c3 O-O
11. b4 Qb6 12. d4 exd4 13. Bb3+
1-0

[Event "Return"]
[Site "SchemingMind.com"]
[Date "2014.04.23"]
[Round "-"]
[White "jerryface"]
[Black "Lambik"]
[Result "0-1"]
[WhiteCountry "USA"]
[BlackCountry "BEL"]
[WhiteElo "1947"]
[WhiteRD "126"]
[BlackElo "2134"]
[BlackRD "94"]
[GameID "357220"]

1. e4 c5 2. Nf3 d6 3. Bc4 Nf6 4. Nc3 e6 5. d4 cxd4 6. Nxd4 a6 7. O-O b5 8. Bb3 Bb7 9. Re1 Nbd7 10. Bg5 h6
11. Bh4 Qb6 12. Bxf6 Nxf6 13. a4 Be7 14. e5 dxe5 15. Rxe5 Rd8 16. Nce2 Ng4 17. Rh5 e5 18. h3 g6 19. axb5 axb5
0-1